|
|
|
|
| LEADER |
00000nab a2200000 a 4500 |
| 001 |
vtls000030636 |
| 003 |
SK-MaSNL |
| 005 |
20260303175412.0 |
| 008 |
140416c1979 xo 0 slo |
| 015 |
|
|
|a SNBRB19rr/mm-uuuuu
|
| 035 |
|
|
|a CL0040730
|
| 040 |
|
|
|a SNKBUCL
|b slo
|c SNKBUCL
|e AACR2
|
| 041 |
0 |
|
|a slo
|
| 044 |
|
|
|a xo
|c SK
|
| 080 |
|
|
|a 793.1
|2 1981
|
| 100 |
1 |
|
|a -mpo-
|4 aut
|9 927919
|
| 245 |
1 |
0 |
|a Herecky silné Kysuce
|c -mpo- ; Milan Polák
|
| 650 |
0 |
7 |
|a ochotnícke divadlo
|2 snkbucl
|9 3349
|
| 655 |
|
7 |
|a články z novín a časopisov
|2 snkbucl
|9 267496
|
| 700 |
1 |
|
|a Polák, Milan,
|d 1932-2022
|4 aut
|9 102381
|
| 773 |
0 |
|
|t Javisko
|g Roč. 11, č. 9 (1979), s. 146-147
|
| 850 |
|
|
|a Slovenská národná knižnica v Martine
|a MTA001
|
| 852 |
|
|
|a SNK
|b KIS3GCP
|
| 958 |
|
|
|a RK
|
| 992 |
|
|
|a RBX
|
| 999 |
|
|
|c 2101596
|d 2103526
|